| 000 | 01731cam a2200457 4500 | ||
|---|---|---|---|
| 001 | ##L130432 | ||
| 008 | 050727n2005 000 0 eng u | ||
| 020 | _a0199280258 | ||
| 035 | _a(Sirsi) u130432 | ||
| 041 | 0 | _aeng | |
| 050 | 0 | 4 | _a346.4104340915 $2 18 |
| 100 | 1 | _aBrennan, Gabriel | |
| 245 | 0 | 0 | _aLandlord and tenant law |
| 250 | _a3rd ed. | ||
| 260 |
_aOxford _bOUP _c2005 |
||
| 300 | _axxix, 347p., 30cm. | ||
| 350 | _a39.99 | ||
| 490 | 0 | _aLaw Society of Ireland Manual | |
| 505 | 0 | _aIntroduction | |
| 505 | 0 | _aCategories of tenancies | |
| 505 | 0 | _aLicences | |
| 505 | 0 | _aOther relationships involving land | |
| 505 | 0 | _aTaking instructions/essential contents of a lease | |
| 505 | 0 | _aResidential Tenancies Act 2004 | |
| 505 | 0 | _aPrivate Residential Tenancies Board | |
| 505 | 0 | _aRepairs | |
| 505 | 0 | _aTermination | |
| 505 | 0 | _aStatutory reliefs | |
| 505 | 0 | _aGround rents | |
| 505 | 0 | _aValue Added Tax (VAT) | |
| 505 | 0 | _aHousing (Private Rented Dwellings) Act 1982 | |
| 520 | _aGives trainee solicitors a clear and thorough understanding of practice and procedures in landlord and tenant law in the Republic of Ireland. It deals with residential letting agreements and both long and short term commercial leases and examines the rights of tenants in formerly controlled dwellings. Includes two chapters on the Residential Tenancies Act 2004. The law and practice are stated as at 1 May 2005. | ||
| 520 | _aSupersedes 2nd ed. (ISBN 0199255555) | ||
| 590 | _aIKA111005 | ||
| 650 | 2 | 4 | _aRESIDENTIAL TENANCIES ACT 2004 |
| 650 | 2 | 4 | _aHOUSING (PRIVATE RENTED DWELLINGS) ACT 1982 |
| 700 | 1 | _aBrodie, Sean | |
| 700 | 1 | _aLinnane, Michelle | |
| 700 | 1 | _aSoden, David | |
| 942 | _n0 | ||
| 999 |
_c104456 _d104456 |
||